[Event "GER-ch Net blitz qual4"]
[Site "Playchess.com INT"]
[Date "2021.05.10"]
[Round "1"]
[White "Belikan, Thomas"]
[Black "Platz, Daniel"]
[Result "0-1"]
[WhiteElo "1401"]
[BlackElo "1847"]
[PlyCount "58"]
[EventDate "2021.05.10"]
[EventType "swiss (blitz)"]
[EventRounds "11"]
[EventCountry "GER"]
[SourceTitle "CBM 202 Extra"]
[Source "ChessBase"]
[SourceDate "2021.07.31"]
[SourceVersion "1"]
[SourceVersionDate "2021.07.31"]
[SourceQuality "1"]

1. e4 c6 2. d4 d5 3. e5 Bf5 4. Bd3 Bxd3 5. Qxd3 e6 6. Nf3 Ne7 7. 0-0 Ng6 8. Be3 Be7 9. Nbd2 0-0 10. Rac1 Nd7 11. Rfd1 c5 12. c4 cxd4 13. Bxd4 dxc4 14. Nxc4 Nc5 15. Qe3 Qc7 16. Nd6 b6 17. b4 Bxd6 18. bxc5 Bxc5 19. Bxc5 bxc5 20. Rxc5 Qb6 21. Qc3 Rfd8 22. Rc1 h6 23. a4 Rab8 24. h3 Qb2 25. Qa5 Rd7 26. Rc8+ Rxc8 27. Rxc8+ Kh7 28. Qxa7 Rxa7 29. Kh2 Rxa4 0-1

[Event "GER-ch Net blitz qual3"]
[Site "Playchess.com INT"]
[Date "2021.05.07"]
[Round "2"]
[White "Kuerschner, Matthias"]
[Black "Platz, Daniel"]
[Result "0-1"]
[WhiteElo "2106"]
[BlackElo "1819"]
[PlyCount "98"]
[EventDate "2021.05.07"]
[EventType "swiss (blitz)"]
[EventRounds "11"]
[EventCountry "GER"]
[SourceTitle "CBM 202 Extra"]
[Source "ChessBase"]
[SourceDate "2021.07.31"]
[SourceVersion "1"]
[SourceVersionDate "2021.07.31"]
[SourceQuality "1"]

1. e4 c6 2. d3 d5 3. Nd2 e5 4. Ngf3 Bd6 5. g3 Nf6 6. Bg2 0-0 7. 0-0 Bg4 8. h3 Bh5 9. c3 Nbd7 10. Re1 dxe4 11. dxe4 b5 12. Nf1 Bc5 13. Qc2 Qc7 14. b4 Bb6 15. a4 bxa4 16. Rxa4 a5 17. bxa5 Rxa5 18. Rxa5 Bxa5 19. Be3 c5 20. Ra1 c4 21. N1d2 Rc8 22. Ra4 Bb6 23. Rxc4 Qb7 24. Bxb6 Nxb6 25. Rxc8+ Qxc8 26. Nxe5 Qc5 27. Nd3 Qe7 28. f4 Be2 29. Nb4 Qc5+ 30. Kh2 Qf2 31. Nd3 Qe3 32. Nc1 Nh5 33. Nxe2 Qxe2 34. Qb2 Qf2 35. Qc1 Qxg3+ 36. Kg1 Qe3+ 37. Kh2 Qg3+ 38. Kh1 Qe3 39. Nb3 Qxf4 40. Qd1 Ng3+ 41. Kg1 Qc7 42. Qd4 h6 43. Nc5 Ne2+ 44. Kh1 Nxd4 45. cxd4 f6 46. Nd3 Qc3 47. Nf4 Qxd4 48. Kh2 Qd2 49. Kg1 Qxf4 0-1

[Event "GER-ch Net blitz qual1"]
[Site "Playchess.com INT"]
[Date "2021.04.24"]
[Round "4"]
[White "Cofman, Veaceslav"]
[Black "Platz, Daniel"]
[Result "1-0"]
[WhiteElo "2271"]
[BlackElo "1801"]
[PlyCount "163"]
[EventDate "2021.04.24"]
[EventType "swiss (blitz)"]
[EventRounds "11"]
[EventCountry "GER"]
[SourceTitle "CBM 202 Extra"]
[Source "ChessBase"]
[SourceDate "2021.07.31"]
[SourceVersion "1"]
[SourceVersionDate "2021.07.31"]
[SourceQuality "1"]

1. d4 Nf6 2. c4 e6 3. Nf3 d5 4. Nc3 a6 5. cxd5 exd5 6. Bg5 Be7 7. e3 0-0 8. Bd3 Bg4 9. h3 Bh5 10. 0-0 Bg6 11. Ne5 Bxd3 12. Qxd3 Nbd7 13. Rac1 c6 14. Nf3 h6 15. Bh4 Ne4 16. Nxe4 Bxh4 17. Nd6 Rb8 18. Nf5 Bf6 19. e4 dxe4 20. Qxe4 Re8 21. Qg4 Kh7 22. Rfe1 Rxe1+ 23. Rxe1 Nf8 24. Ne5 Bxe5 25. dxe5 Ne6 26. Nd6 Qe7 27. Re3 Kg8 28. Nf5 Qg5 29. Qe4 Qf4 30. Qxf4 Nxf4 31. Rf3 Ng6 32. Re3 Re8 33. Nd6 Rxe5 34. Nxb7 Rxe3 35. fxe3 Kf8 36. Nc5 a5 37. Nb7 a4 38. Nc5 a3 39. bxa3 Ke7 40. a4 Kd6 41. Nd3 Ne7 42. a5 Nd5 43. a6 Kc7 44. Kf2 Kb6 45. Ne5 f6 46. a7 Nc7 47. Ng6 Kxa7 48. Ne7 Kb6 49. Ke2 h5 50. Kd3 Kc5 51. Nf5 g6 52. Ne7 g5 53. g4 hxg4 54. hxg4 Kd6 55. Nf5+ Ke5 56. a4 Nd5 57. a5 Nb4+ 58. Kc4 Na6 59. Ne7 Kd6 60. Nf5+ Ke5 61. Nd4 Kd6 62. Nb3 c5 63. Kb5 Nc7+ 64. Kb6 Nd5+ 65. Kb7 Nb4 66. a6 Nxa6 67. Kxa6 c4 68. Nd4 Kd5 69. Kb5 Ke4 70. Kxc4 Kxe3 71. Nf5+ Kf4 72. Nh6 f5 73. gxf5 Ke5 74. Kd3 g4 75. Ke3 g3 76. Kf3 g2 77. Kxg2 Kf6 78. Kf3 Kg5 79. Ke4 Kxh6 80. Ke5 Kg7 81. Ke6 Kf8 82. Kf6 1-0

[Event "GER-ch Net blitz qual1"]
[Site "Playchess.com INT"]
[Date "2021.04.24"]
[Round "3"]
[White "Platz, Daniel"]
[Black "Heinig, Wolfram"]
[Result "0-1"]
[WhiteElo "1801"]
[BlackElo "1973"]
[PlyCount "78"]
[EventDate "2021.04.24"]
[EventType "swiss (blitz)"]
[EventRounds "11"]
[EventCountry "GER"]
[SourceTitle "CBM 202 Extra"]
[Source "ChessBase"]
[SourceDate "2021.07.31"]
[SourceVersion "1"]
[SourceVersionDate "2021.07.31"]
[SourceQuality "1"]

1. e4 c6 2. d4 d5 3. e5 Bf5 4. Nc3 e6 5. g4 Bg6 6. Nge2 c5 7. Nf4 cxd4 8. Nxg6 hxg6 9. Qxd4 Nc6 10. Qf4 Bb4 11. Bd2 a6 12. a3 Be7 13. 0-0-0 Qc7 14. Re1 Rc8 15. Bd3 b5 16. h4 Rxh4 17. Rxh4 Bxh4 18. g5 Bxf2 19. Qxf2 Nxe5 20. Qd4 Nxd3+ 21. Qxd3 Ne7 22. Kb1 Qc4 23. Qxc4 Rxc4 24. b3 Rg4 25. Kb2 Kd7 26. Re2 Nf5 27. a4 b4 28. Nd1 a5 29. c3 bxc3+ 30. Nxc3 Kc6 31. Nb5 Kb6 32. Rh2 d4 33. Kc2 Ne3+ 34. Bxe3 dxe3 35. Kd3 Rxg5 36. Re2 Rg3 37. Rxe3 Rxe3+ 38. Kxe3 Kc5 39. Nd4 e5 0-1

[Event "Leipzig VfB op 23rd"]
[Site "Leipzig"]
[Date "2016.03.19"]
[Round "7"]
[White "Platz, Daniel"]
[Black "Richter, Leonard"]
[Result "0-1"]
[WhiteElo "2047"]
[BlackElo "2294"]
[PlyCount "56"]
[EventDate "2016.03.15"]
[EventType "swiss"]
[EventRounds "9"]
[EventCountry "GER"]
[SourceTitle "EXT 2017"]
[Source "ChessBase"]
[SourceDate "2016.10.25"]
[SourceVersion "1"]
[SourceVersionDate "2016.10.25"]
[SourceQuality "1"]

1. d4 Nf6 2. c4 g6 3. Nc3 Bg7 4. Nf3 0-0 5. e3 d6 6. Be2 Nbd7 7. 0-0 a6 8. b4 b6 9. Bb2 c5 10. bxc5 bxc5 11. Rb1 Nb6 12. Ba1 Bf5 13. Bd3 Bxd3 14. Qxd3 cxd4 15. exd4 Rc8 16. Nd2 Qc7 17. Rb4 Bh6 18. Na4 Bxd2 19. Qxd2 Nxc4 20. Qh6 Qa5 21. Rb3 Qxa4 22. Rh3 d5 23. g4 Nd6 24. f4 Qc2 25. f5 Qe4 26. fxg6 Qxg6 27. Qf4 Nde4 28. g5 Nxg5 0-1

[Event "Leipzig VfB op 23rd"]
[Site "Leipzig"]
[Date "2016.03.16"]
[Round "2"]
[White "Artmann, Juergen"]
[Black "Platz, Daniel"]
[Result "0-1"]
[WhiteElo "1758"]
[BlackElo "2047"]
[PlyCount "67"]
[EventDate "2016.03.15"]
[EventType "swiss"]
[EventRounds "9"]
[EventCountry "GER"]
[SourceTitle "EXT 2017"]
[Source "ChessBase"]
[SourceDate "2016.10.25"]
[SourceVersion "1"]
[SourceVersionDate "2016.10.25"]
[SourceQuality "1"]

1. e4 e6 2. d4 d5 3. e5 c5 4. c3 Nc6 5. Nf3 Qb6 6. a3 a5 7. Be2 Nh6 8. 0-0 cxd4 9. cxd4 Nf5 10. Bd2 Nfxd4 11. Bc3 Bc5 12. Kh1 0-0 13. Nxd4 Nxd4 14. f4 Nf5 15. Qd3 Bd7 16. Nd2 Bc6 17. b3 Ne3 18. Rf3 d4 19. Bb2 Bxf3 20. Bxf3 Rfd8 21. Ne4 Be7 22. g4 Rac8 23. Rg1 Qa6 24. Qb1 Nc2 25. f5 Nxa3 26. Bxa3 Bxa3 27. Qe1 Qd3 28. Bg2 Rc1 29. Qh4 Rdc8 30. h3 Rxg1+ 31. Kxg1 Qe3+ 32. Kh2 Qf4+ 33. Ng3 exf5 34. gxf5 0-1

[Event "Leipzig VfB op 22nd"]
[Site "Leipzig"]
[Date "2015.03.08"]
[Round "9"]
[White "Platz, Daniel"]
[Black "Bogdanov, Egor"]
[Result "0-1"]
[WhiteElo "2015"]
[BlackElo "2309"]
[PlyCount "82"]
[EventDate "2015.03.03"]
[EventType "swiss"]
[EventRounds "9"]
[EventCountry "GER"]
[SourceTitle "EXT 2016"]
[Source "ChessBase"]
[SourceDate "2015.10.08"]
[SourceVersion "1"]
[SourceVersionDate "2015.10.08"]
[SourceQuality "1"]

1. d4 Nf6 2. c4 g6 3. Nc3 Bg7 4. e4 0-0 5. Nf3 d6 6. Be2 e5 7. 0-0 Nc6 8. d5 Ne7 9. Ne1 Nd7 10. Be3 f5 11. f3 f4 12. Bf2 g5 13. Nd3 Rf7 14. Rc1 Bf8 15. b4 Rg7 16. c5 Nf6 17. cxd6 cxd6 18. Nb5 Ng6 19. Rc2 g4 20. Nc3 h5 21. Kh1 g3 22. hxg3 fxg3 23. Bxg3 h4 24. Bh2 Nh5 25. Qe1 Ng3+ 26. Bxg3 hxg3 27. Qxg3 Nf4 28. Qf2 Qg5 29. Nxf4 exf4 30. Rfc1 Rh7+ 31. Kg1 Bg7 32. Bf1 Rh5 33. Qd2 Bd7 34. Ne2 Qh4 35. Rd1 Ba4 36. Rcc1 Bxd1 37. Rxd1 Rf8 38. Nd4 Bf6 39. Nf5 Qh2+ 40. Kf2 Rxf5 41. exf5 Re8 0-1

[Event "Leipzig VfB op 18th"]
[Site "Leipzig"]
[Date "2011.03.27"]
[Round "9"]
[White "Platz, Daniel"]
[Black "Neumann, Michael"]
[Result "0-1"]
[WhiteElo "1828"]
[BlackElo "2139"]
[PlyCount "74"]
[EventDate "2011.03.20"]
[EventType "swiss"]
[EventRounds "9"]
[EventCountry "GER"]
[SourceTitle "CBM 141 Extra"]
[Source "ChessBase"]
[SourceDate "2011.05.03"]
[SourceVersion "1"]
[SourceVersionDate "2011.05.03"]
[SourceQuality "1"]

1. e4 c5 2. Nc3 Nc6 3. d3 g6 4. g3 Bg7 5. Bg2 d6 6. Nge2 Rb8 7. 0-0 b5 8. f4 b4 9. Nd5 Nd4 10. h3 e6 11. Ne3 Ne7 12. Kh2 0-0 13. Rf2 Qc7 14. g4 f5 15. Ng3 Bd7 16. g5 Rbe8 17. a4 Rb8 18. h4 Bc6 19. Bd2 Qd7 20. b3 Rbe8 21. Rb1 e5 22. Nc4 Qc7 23. h5 Bd7 24. h6 Bh8 25. Be3 Ne6 26. fxe5 dxe5 27. exf5 gxf5 28. Bc1 Nf4 29. Bh1 Bc6 30. Qf1 Ned5 31. Bd2 Qe7 32. Bxf4 exf4 33. Rxf4 Qxg5 34. Bxd5+ Bxd5 35. Nxf5 Rxf5 36. Rxf5 Qh4+ 37. Kg1 Qg3+ 0-1

[Event "Leipzig VfB op 18th"]
[Site "Leipzig"]
[Date "2011.03.22"]
[Round "1"]
[White "Gleichmann, Matthias"]
[Black "Platz, Daniel"]
[Result "1/2-1/2"]
[WhiteElo "2055"]
[BlackElo "1828"]
[PlyCount "65"]
[EventDate "2011.03.20"]
[EventType "swiss"]
[EventRounds "9"]
[EventCountry "GER"]
[SourceTitle "CBM 141 Extra"]
[Source "ChessBase"]
[SourceDate "2011.05.03"]
[SourceVersion "1"]
[SourceVersionDate "2011.05.03"]
[SourceQuality "1"]

1. d4 Nf6 2. Nf3 d5 3. e3 e6 4. Bd3 c5 5. b3 cxd4 6. exd4 Nc6 7. 0-0 Nb4 8. Be2 Qc7 9. a3 Nc6 10. Bd3 Bd6 11. Bb2 0-0 12. Qe2 b6 13. Nbd2 Bb7 14. Ne5 Rac8 15. f4 Ne7 16. Rac1 Ng6 17. g4 Bxe5 18. fxe5 Ne4 19. Nxe4 dxe4 20. Bxe4 Bxe4 21. Qxe4 Qe7 22. c4 Rfd8 23. Rc2 Rd7 24. Rcf2 Rcd8 25. Rxf7 Qxf7 26. Rxf7 Rxf7 27. Bc1 Rdf8 28. Qe2 Nh4 29. d5 Nf3+ 30. Kg2 g5 31. a4 Nh4+ 32. Kg1 Nf3+ 33. Kg2 1/2-1/2